MARKET BASED INSTRUMENTS for ENVIRONMENTAL POLICYMAKING in LATIN AMERICA AND THE CARIBBEAN LESSONS FROM ELEVEN COUNTRIES P (Record no. 542821)
[ view plain ]
| 000 -LEADER | |
|---|---|
| fixed length control field | 00418nam a22001217a 4500 |
| 082 ## - DEWEY DECIMAL CLASSIFICATION NUMBER | |
| Classification number | 363.7 |
| Author Mark | MAR |
| -- | D |
| 245 ## - TITLE STATEMENT | |
| Title | MARKET BASED INSTRUMENTS for ENVIRONMENTAL POLICYMAKING in LATIN AMERICA AND THE CARIBBEAN LESSONS FROM ELEVEN COUNTRIES P |
| 260 ## - PUBLICATION, DISTRIBUTION, ETC. | |
| Place of publication, distribution, etc. | Washington |
| Name of publisher, distributor, etc. | The world bank |
| Date of publication, distribution, etc. | 1996 |
| 300 ## - PHYSICAL DESCRIPTION | |
| Extent | 31 p. : |
| Other physical details | ill, ; |
| Dimensions | 24 cm |
| 526 ## - STUDY PROGRAM INFORMATION NOTE | |
| Program name | 0 |
| Interest level | 0 |
| Reading level | 0 |
| Title point value | 363_700000000000000_MAR |
| 650 ## - SUBJECT ADDED ENTRY--TOPICAL TERM | |
| Topical term or geographic name entry element | MCE (D) |
| 9 (RLIN) | 38181 |
| 942 ## - ADDED ENTRY ELEMENTS (KOHA) | |
| Source of classification or shelving scheme | |
| Koha item type | Book |
| Withdrawn status | Lost status | Source of classification or shelving scheme | Damaged status | Not for loan | Permanent Location | Current Location | Date acquired | Total Checkouts | Full call number | Barcode | Date last seen | Price effective from | Koha item type |
|---|---|---|---|---|---|---|---|---|---|---|---|---|---|
| Military College of Engineering (MCE) | Military College of Engineering (MCE) | 02/19/2014 | 363.7 MAR | MCE-42029 | 02/19/2014 | 02/19/2014 | Book |
